|
|
|
|
| LEADER |
01326nam a22002897a 4500 |
| 001 |
27798 |
| 003 |
BD-DhAAL |
| 005 |
20131231113811.0 |
| 008 |
131231b2013 enk||| | b||| 001 0 eng d |
| 020 |
|
|
|a 9780230304413
|
| 040 |
|
|
|a BD-DhAAL
|c BD-DhAAL
|
| 082 |
|
|
|2 23
|a 809.9145
|
| 245 |
|
|
|a Romanticism and Blackwood's magazine :
|b 'an unprecedented phenomenon' /
|c edited by Robert Morrison and Daniel S. Roberts.
|
| 260 |
|
|
|a Basingstoke :
|b Palgrave Macmillan,
|c 2013.
|
| 300 |
|
|
|a xvii, 290 p. :
|b ill. ;
|c 23 cm.
|
| 490 |
|
|
|a Palgrave studies in the Enlightenment, romanticism and cultures of print
|
| 504 |
|
|
|a Includes bibliographical references and index.
|
| 541 |
|
|
|e 27798, 27799
|
| 630 |
|
|
|a Blackwood's Edinburgh magazine
|x Influence.
|9 3631
|
| 650 |
|
|
|a Romanticism
|9 3616
|
| 700 |
|
|
|a Morrison, Robert,
|d 1961-
|9 3632
|
| 700 |
|
|
|a Roberts, Daniel Sanjiv.
|9 3633
|
| 852 |
|
|
|a Ayesha Abed Library
|
| 942 |
|
|
|2 ddc
|c BK
|
| 999 |
|
|
|c 14120
|d 14120
|
| 952 |
|
|
|0 0
|1 0
|2 ddc
|4 0
|6 809_914500000000000_ROM
|7 0
|9 23772
|a BRACUL
|b BRACUL
|c GEN
|d 2013-12-31
|e Trim Education
|g 5156.00
|l 0
|o 809.9145 ROM
|p 3010027798
|r 2013-12-31
|t 1
|w 2013-12-31
|y BK
|
| 952 |
|
|
|0 0
|1 0
|2 ddc
|4 0
|6 809_914500000000000_ROM
|7 0
|9 23773
|a BRACUL
|b BRACUL
|c GEN
|d 2013-12-31
|e Trim Education
|g 5156.00
|l 1
|m 7
|o 809.9145 ROM
|p 3010027799
|r 2014-10-01
|s 2014-08-04
|t 2
|w 2013-12-31
|y BK
|